[Event "DVM U12 2020"]
[Site "Magdeburg GER"]
[Date "2021.08.07"]
[Round "5"]
[White "Daugavet, Roman"]
[Black "Beck, Jason"]
[Result "1/2-1/2"]
[Termination "normal"]
[Board "2.4"]
[WhiteElo "1182"]
[BlackElo "1132"]
[WhiteClock "00:51:34"]
[BlackClock "00:13:31"]
[WhiteTeam "SK Tarrasch 1945 München"]
[BlackTeam "SG Einheit Staßfurt"]
[PlyCount "110"]
[WhiteFideId "34608338"]
[BlackFideId "34608389"]
[EventCountry "GER"]
[EventRounds "7"]
[EventType "team-swiss"]
[EventDate "2021.08.04"]

1. e4 {[%clk 01:30:59]} {[%emt 00:00:06]} e5 {[%clk 01:30:55]} {[%emt
00:00:59]} 2. Bc4 {[%clk 01:31:25]} Nf6 {[%clk 01:31:16]} 3. d3 {[%clk
01:31:47]} Bc5 {[%clk 01:31:08]} 4. Nc3 {[%clk 01:31:55]} {[%emt 00:00:23]} Nc6
{[%clk 01:30:58]} {[%emt 00:01:19]} 5. Bg5 {[%clk 01:32:11]} h6 {[%clk
01:28:15]} {[%emt 00:03:06]} 6. Bh4 {[%clk 01:32:15]} {[%emt 00:00:13]} g5
{[%clk 01:25:54]} {[%emt 00:02:46]} 7. Bg3 {[%clk 01:32:34]} {[%emt 00:00:44]}
d6 {[%clk 01:25:17]} {[%emt 00:00:34]} 8. h4 {[%clk 01:32:26]} {[%emt
00:00:38]} Ng4 {[%emt 00:12:47]} 9. Nf3 {[%clk 01:25:33]} {[%emt 00:00:20]} f6
{[%clk 01:12:38]} {[%emt 00:11:07]} 10. Qc1 {[%clk 01:23:26]} Nd4 {[%clk
01:04:18]} {[%emt 00:08:13]} 11. Na4 {[%clk 01:20:39]} {[%emt 00:03:16]} Bd7
{[%clk 00:54:52]} {[%emt 00:09:57]} 12. Nxc5 {[%clk 01:20:29]} {[%emt
00:00:41]} dxc5 {[%clk 00:54:55]} {[%emt 00:00:30]} 13. c3 {[%clk 01:20:38]}
{[%emt 00:01:21]} Nc6 {[%clk 00:54:53]} 14. hxg5 {[%emt 00:08:21]} fxg5 {[%clk
00:48:34]} 15. Nxg5 {[%clk 01:19:53]} Rf8 {[%clk 00:35:45]} {[%emt 00:13:01]}
16. Nf3 {[%clk 01:15:14]} {[%emt 00:05:17]} Qf6 {[%clk 00:30:33]} {[%emt
00:05:49]} 17. Qd2 {[%clk 01:11:28]} {[%emt 00:04:02]} Qg7 {[%clk 00:25:58]}
{[%emt 00:05:12]} 18. Nh2 {[%clk 01:07:37]} {[%emt 00:04:24]} h5 {[%clk
00:20:23]} {[%emt 00:05:53]} 19. Nxg4 {[%clk 01:06:11]} {[%emt 00:01:57]} hxg4
{[%clk 00:19:45]} {[%emt 00:01:31]} 20. Qh6 {[%clk 01:05:05]} {[%emt 00:01:15]}
Qxh6 {[%clk 00:19:21]} {[%emt 00:00:52]} 21. Rxh6 {[%clk 01:05:28]} {[%emt
00:00:14]} O-O-O {[%clk 00:19:31]} {[%emt 00:00:11]} 22. Rh5 {[%clk 01:04:52]}
{[%emt 00:01:06]} Rh8 {[%clk 00:19:17]} {[%emt 00:00:56]} 23. Rxh8 {[%clk
01:04:40]} {[%emt 00:00:31]} Rxh8 {[%clk 00:19:40]} {[%emt 00:00:09]} 24. O-O-O
{[%clk 01:04:52]} {[%emt 00:00:34]} Re8 {[%clk 00:18:33]} {[%emt 00:01:21]} 25.
Rh1 {[%clk 01:04:51]} {[%emt 00:00:28]} Na5 {[%clk 00:17:40]} {[%emt 00:01:38]}
26. Rh5 {[%clk 01:03:48]} {[%emt 00:01:20]} Nxc4 {[%clk 00:17:38]} {[%emt
00:00:32]} 27. dxc4 {[%clk 01:04:08]} {[%emt 00:00:20]} Bc6 {[%clk 00:16:57]}
{[%emt 00:01:01]} 28. Rxe5 {[%clk 01:02:10]} {[%emt 00:02:27]} Rxe5 {[%clk
00:17:18]} {[%emt 00:00:39]} 29. Bxe5 {[%clk 01:02:33]} Bxe4 {[%clk 00:17:41]}
{[%emt 00:00:03]} 30. g3 {[%clk 01:02:53]} Kd7 {[%clk 00:18:02]} {[%emt
00:00:07]} 31. Kd2 {[%clk 01:02:58]} {[%emt 00:00:20]} c6 {[%clk 00:18:04]}
{[%emt 00:00:43]} 32. Ke3 {[%clk 01:02:52]} {[%emt 00:00:19]} Bf3 {[%clk
00:18:25]} {[%emt 00:00:12]} 33. Kf4 {[%clk 01:02:18]} {[%emt 00:01:02]} b5
{[%clk 00:18:09]} {[%emt 00:00:43]} 34. Bb8 {[%clk 01:01:35]} {[%emt 00:02:02]}
a6 {[%clk 00:17:51]} 35. cxb5 {[%clk 00:59:25]} {[%emt 00:02:43]} cxb5 {[%clk
00:18:10]} {[%emt 00:00:15]} 36. Ke5 {[%clk 00:58:14]} {[%emt 00:01:38]} Kc6
{[%clk 00:18:11]} {[%emt 00:00:26]} 37. Bd6 {[%clk 00:57:07]} {[%emt 00:01:33]}
c4 {[%clk 00:17:13]} {[%emt 00:01:35]} 38. Bb4 {[%clk 00:56:29]} {[%emt
00:01:13]} Kb6 {[%clk 00:16:41]} {[%emt 00:02:40]} 39. Kd6 {[%clk 00:56:18]}
Kb7 {[%clk 00:16:21]} 40. Kc5 {[%clk 00:56:14]} {[%emt 00:00:22]} Bc6 {[%clk
00:15:40]} {[%emt 00:01:10]} 41. Ba5 {[%clk 00:55:59]} {[%emt 00:00:42]} Bf3
{[%clk 00:15:36]} {[%emt 00:00:37]} 42. Kb4 {[%clk 00:54:20]} {[%emt 00:02:07]}
Bc6 {[%clk 00:15:29]} {[%emt 00:00:37]} 43. a3 {[%clk 00:52:44]} {[%emt
00:02:08]} Bd7 {[%clk 00:14:05]} {[%emt 00:01:52]} 44. Kc5 {[%clk 00:52:32]}
{[%emt 00:01:10]} Bc6 {[%clk 00:13:46]} {[%emt 00:00:21]} 45. Kd4 {[%clk
00:51:40]} {[%emt 00:01:22]} Bd7 {[%clk 00:13:26]} {[%emt 00:01:12]} 46. Ke3
{[%clk 00:51:34]} {[%emt 00:00:37]} Bc6 {[%clk 00:13:17]} {[%emt 00:00:16]} 47.
Kf4 {[%clk 00:51:18]} {[%emt 00:00:46]} Bf3 {[%clk 00:13:33]} {[%emt 00:00:13]}
48. Kg5 {[%clk 00:51:16]} {[%emt 00:00:34]} Kc6 {[%clk 00:13:47]} {[%emt
00:00:26]} 49. Kf5 {[%clk 00:51:04]} {[%emt 00:00:33]} Kd5 {[%clk 00:13:40]}
{[%emt 00:00:36]} 50. Kf4 {[%clk 00:50:49]} {[%emt 00:00:47]} Kc6 {[%clk
00:14:01]} {[%emt 00:00:06]} 51. Ke3 {[%clk 00:51:02]} {[%emt 00:00:19]} Kd5
{[%clk 00:14:20]} {[%emt 00:00:11]} 52. Bb4 {[%clk 00:51:16]} {[%emt 00:00:13]}
Kc6 {[%clk 00:13:21]} {[%emt 00:01:29]} 53. Kf4 {[%clk 00:51:13]} {[%emt
00:00:33]} Kd5 {[%clk 00:13:26]} {[%emt 00:00:27]} 54. Kf5 {[%clk 00:51:24]}
{[%emt 00:00:19]} Kc6 {[%clk 00:13:34]} {[%emt 00:00:31]} 55. Ke6 {[%clk
00:51:34]} {[%emt 00:00:21]} Kb7 {[%clk 00:13:31]} {[%emt 00:00:24]} 1/2-1/2

[Event "DVM U12 2020"]
[Site "Magdeburg GER"]
[Date "2021.08.07"]
[Round "5"]
[White "Trunz, Michelle"]
[Black "Udelnov, Valentin"]
[Result "1-0"]
[Termination "normal"]
[Board "3.1"]
[WhiteElo "1714"]
[BlackElo "1728"]
[WhiteClock "00:59:06"]
[BlackClock "00:00:42"]
[WhiteTeam "Godesberger Schachklub 1929 e. V."]
[BlackTeam "Schachzwerge Magdeburg"]
[PlyCount "83"]
[WhiteFideId "16227980"]
[BlackFideId "16265734"]
[EventCountry "GER"]
[EventRounds "7"]
[EventType "team-swiss"]
[EventDate "2021.08.04"]

1. d4 {[%clk 01:30:58]} Nf6 {[%clk 01:30:51]} 2. c4 {[%clk 01:31:20]} {[%emt
00:00:04]} g6 {[%clk 01:31:09]} 3. Nc3 {[%clk 01:31:43]} Bg7 {[%clk 01:31:19]}
4. e4 {[%clk 01:32:05]} d6 {[%clk 01:31:43]} 5. h3 {[%clk 01:32:21]} O-O {[%clk
01:31:25]} 6. Nf3 {[%clk 01:32:36]} {[%emt 00:00:04]} e5 {[%clk 01:25:07]} 7.
d5 {[%clk 01:32:54]} a5 {[%clk 01:24:40]} 8. g4 {[%clk 01:33:00]} Na6 {[%clk
01:24:13]} 9. Be3 {[%clk 01:31:30]} Nc5 {[%clk 01:19:50]} 10. Nd2 {[%clk
01:31:00]} {[%emt 00:00:05]} c6 {[%clk 01:14:10]} {[%emt 00:15:46]} 11. Be2
{[%clk 01:29:45]} Qe7 {[%clk 01:04:31]} 12. h4 {[%clk 01:29:02]} Ne8 {[%clk
00:59:22]} {[%emt 02:01:01]} 13. h5 {[%clk 01:28:38]} g5 {[%clk 00:57:37]} 14.
h6 {[%clk 01:27:57]} Bf6 {[%clk 00:52:54]} 15. Nf3 {[%clk 01:26:21]} Kh8 {[%clk
00:53:02]} 16. Qd2 {[%clk 01:25:56]} Rg8 {[%clk 00:53:20]} 17. O-O-O {[%clk
01:25:53]} Qd8 {[%clk 00:45:41]} 18. dxc6 {[%clk 01:23:45]} bxc6 {[%clk
00:46:04]} 19. Bxc5 {[%clk 01:24:00]} Bxg4 {[%clk 00:39:21]} 20. Be3 {[%clk
01:21:54]} Bxf3 {[%clk 00:35:59]} 21. Bxf3 {[%clk 01:22:16]} Be7 {[%clk
00:36:20]} 22. Bh5 {[%clk 01:21:06]} f6 {[%clk 00:34:36]} 23. Bxe8 {[%clk
01:21:07]} Rxe8 {[%clk 00:34:47]} 24. Ne2 {[%clk 01:20:30]} Qc7 {[%clk
00:33:13]} 25. Kb1 {[%clk 01:20:03]} Reb8 {[%clk 00:32:58]} 26. Ng3 {[%clk
01:19:19]} Rb4 {[%clk 00:26:39]} 27. Qe2 {[%clk 01:17:08]} Rab8 {[%clk
00:26:43]} 28. Bc1 {[%clk 01:16:30]} a4 {[%clk 00:26:11]} {[%emt 00:00:14]} 29.
Nf5 {[%clk 01:16:12]} Bf8 {[%clk 00:25:23]} {[%emt 00:00:09]} 30. Ka1 {[%clk
01:15:38]} d5 {[%clk 00:15:23]} 31. a3 {[%clk 01:11:54]} Rxc4 {[%clk 00:11:12]}
32. exd5 {[%clk 01:11:44]} cxd5 {[%clk 00:11:31]} 33. Ne3 {[%clk 01:11:08]} Rc6
{[%clk 00:08:22]} {[%emt 00:00:04]} 34. Nxd5 {[%clk 01:09:45]} Qb7 {[%clk
00:08:33]} 35. Nb4 {[%clk 01:06:03]} Bxb4 {[%clk 00:08:29]} 36. axb4 {[%clk
01:06:26]} Qxb4 {[%clk 00:08:58]} 37. Qd2 {[%clk 01:04:34]} Qb6 {[%clk
00:09:20]} 38. Rh3 {[%clk 01:02:56]} Rcc8 {[%clk 00:08:35]} 39. Rc3 {[%clk
00:59:51]} Rxc3 {[%clk 00:00:38]} 40. Qxc3 {[%clk 01:00:06]} Kg8 {[%clk
00:00:34]} 41. Be3 {[%clk 00:59:18]} {[%emt 00:08:30]} Qe6 {[%clk 00:00:42]}
42. Qc7 {[%clk 00:59:06]} 1-0

[Event "DVM U12 2020"]
[Site "Magdeburg GER"]
[Date "2021.08.07"]
[Round "5"]
[White "Trunz, Tamila"]
[Black "Petzold, Johannes Julius"]
[Result "1/2-1/2"]
[Termination "normal"]
[Board "3.3"]
[WhiteElo "1353"]
[BlackElo "1104"]
[WhiteClock "00:18:35"]
[BlackClock "00:34:34"]
[WhiteTeam "Godesberger Schachklub 1929 e. V."]
[BlackTeam "Schachzwerge Magdeburg"]
[PlyCount "106"]
[WhiteFideId "16267885"]
[BlackFideId "16289455"]
[EventCountry "GER"]
[EventRounds "7"]
[EventType "team-swiss"]
[EventDate "2021.08.04"]

1. e4 {[%clk 01:30:56]} c5 {[%clk 01:30:58]} 2. Nc3 {[%clk 01:31:17]} d6 {[%clk
01:31:24]} 3. g3 {[%clk 01:31:23]} Nf6 {[%clk 01:31:11]} 4. Bg2 {[%clk
01:31:25]} a6 {[%clk 01:30:52]} 5. a4 {[%clk 01:31:40]} Nc6 {[%clk 01:29:42]}
6. d3 {[%clk 01:31:12]} e6 {[%clk 01:28:23]} {[%emt 00:00:08]} 7. f4 {[%clk
01:28:03]} Qc7 {[%clk 01:26:25]} 8. Nf3 {[%clk 01:25:40]} Be7 {[%clk 01:24:59]}
9. h3 {[%clk 01:25:37]} Rb8 {[%clk 01:24:06]} 10. O-O {[%clk 01:18:43]} O-O
{[%clk 01:20:07]} 11. Ne2 {[%clk 01:16:52]} {[%emt 00:01:34]} Rd8 {[%clk
01:19:07]} {[%emt 00:11:08]} 12. c3 {[%clk 01:12:31]} d5 {[%clk 01:15:25]} 13.
e5 {[%clk 01:11:41]} {[%emt 00:22:22]} Ne8 {[%clk 01:13:16]} 14. g4 {[%clk
01:08:57]} f6 {[%clk 01:13:09]} 15. Ng3 {[%clk 01:06:59]} fxe5 {[%clk
01:11:19]} 16. fxe5 {[%clk 01:04:50]} d4 {[%clk 01:06:34]} 17. c4 {[%clk
01:02:36]} {[%emt 00:07:48]} Nb4 {[%clk 01:05:24]} 18. Qe2 {[%clk 01:01:30]}
Qd7 {[%clk 01:02:06]} 19. Ng5 {[%clk 00:54:58]} {[%emt 00:06:37]} Nc7 {[%clk
00:56:51]} {[%emt 00:11:14]} 20. Be4 {[%clk 00:45:37]} {[%emt 00:23:06]} h6
{[%clk 00:52:40]} 21. Nh7 {[%clk 00:37:26]} Bh4 {[%clk 00:48:17]} 22. Qf3
{[%clk 00:35:33]} {[%emt 00:01:53]} Qe7 {[%clk 00:46:28]} {[%emt 00:02:27]} 23.
Nh5 {[%clk 00:31:57]} {[%emt 00:03:58]} Bd7 {[%clk 00:41:11]} {[%emt 00:05:51]}
24. Bg6 {[%clk 00:27:56]} {[%emt 00:07:50]} Bc6 {[%clk 00:35:50]} {[%emt
00:12:44]} 25. Qf7+ {[%clk 00:21:36]} Qxf7 {[%clk 00:34:18]} 26. Rxf7 {[%clk
00:21:19]} Rd7 {[%clk 00:34:14]} 27. Rf4 {[%clk 00:17:03]} {[%emt 00:04:41]}
Nc2 {[%clk 00:27:48]} {[%emt 00:06:59]} 28. Rb1 {[%clk 00:16:58]} {[%emt
00:00:35]} Ne1 {[%clk 00:23:07]} {[%emt 00:05:11]} 29. g5 {[%clk 00:11:33]}
{[%emt 00:06:43]} hxg5 {[%clk 00:20:42]} {[%emt 00:02:40]} 30. Rxh4 {[%clk
00:08:55]} {[%emt 00:03:45]} Nf3+ {[%clk 00:20:02]} 31. Kf2 {[%clk 00:08:28]}
{[%emt 00:01:09]} Nxh4 {[%clk 00:20:15]} {[%emt 00:02:24]} 32. N7f6+ {[%clk
00:07:11]} gxf6 {[%clk 00:20:15]} {[%emt 00:00:04]} 33. Nxf6+ {[%clk 00:07:13]}
{[%emt 00:00:34]} Kg7 {[%clk 00:20:18]} {[%emt 00:01:18]} 34. Nxd7 {[%clk
00:07:29]} Bxd7 {[%clk 00:20:33]} 35. Be4 {[%clk 00:07:37]} Rf8+ {[%clk
00:20:47]} {[%emt 00:00:07]} 36. Ke2 {[%clk 00:08:00]} {[%emt 00:03:52]} b5
{[%clk 00:18:43]} 37. axb5 {[%clk 00:07:26]} axb5 {[%clk 00:18:44]} {[%emt
00:00:39]} 38. Bxg5 {[%clk 00:07:29]} {[%emt 00:00:05]} Ng6 {[%clk 00:17:32]}
{[%emt 00:04:19]} 39. Bf6+ {[%clk 00:05:21]} Kh6 {[%clk 00:16:30]} {[%emt
00:01:33]} 40. Bxg6 {[%clk 00:04:43]} {[%emt 00:01:23]} Kxg6 {[%clk 00:16:49]}
41. Rg1+ {[%clk 00:04:33]} {[%emt 00:04:07]} Kh5 {[%clk 00:13:11]} {[%emt
00:00:39]} 42. Rg7 {[%clk 00:01:42]} {[%emt 00:03:17]} Ne8 {[%clk 00:12:51]}
{[%emt 00:00:51]} 43. Rxd7 {[%clk 00:01:33]} {[%emt 00:00:37]} bxc4 {[%clk
00:13:16]} {[%emt 00:12:25]} 44. dxc4 {[%clk 00:01:23]} Nxf6 {[%clk 00:13:37]}
45. exf6 {[%clk 00:01:29]} Rxf6 {[%clk 00:13:43]} 46. b4 {[%clk 00:26:30]} cxb4
{[%clk 00:38:15]} {[%emt 00:07:19]} 47. Rxd4 {[%clk 00:25:52]} e5 {[%clk
00:36:29]} 48. Re4 {[%clk 00:23:04]} {[%emt 00:00:45]} Re6 {[%clk 00:34:15]}
{[%emt 00:07:47]} 49. c5 {[%clk 00:18:59]} b3 {[%clk 00:33:59]} 50. Rb4 {[%clk
00:19:10]} Rc6 {[%clk 00:34:13]} {[%emt 00:00:27]} 51. Rxb3 {[%clk 00:18:35]}
{[%emt 00:00:53]} Rxc5 {[%clk 00:34:34]} {[%emt 00:00:30]} 52. Ke3 Kg5 {[%clk
00:34:34]} 53. Ke4 Kh4 {[%clk 00:34:34]} 1/2-1/2

[Event "DVM U12 2020"]
[Site "Magdeburg GER"]
[Date "2021.08.07"]
[Round "5"]
[White "Conrad, Marius"]
[Black "Tibi, Anwar"]
[Result "1-0"]
[Termination "normal"]
[Board "3.4"]
[WhiteElo "1498"]
[BlackElo "1204"]
[WhiteClock "01:02:17"]
[BlackClock "00:15:42"]
[WhiteTeam "Schachzwerge Magdeburg"]
[BlackTeam "Godesberger Schachklub 1929 e. V."]
[PlyCount "55"]
[WhiteFideId "16299078"]
[BlackFideId "34608133"]
[EventCountry "GER"]
[EventRounds "7"]
[EventType "team-swiss"]
[EventDate "2021.08.04"]

1. e4 {[%clk 01:30:58]} {[%emt 00:01:20]} e5 {[%clk 01:30:54]} 2. Nf3 {[%clk
01:31:20]} Nc6 {[%clk 01:31:16]} 3. Bc4 {[%clk 01:31:45]} Bc5 {[%clk 01:31:34]}
4. c3 {[%clk 01:32:08]} {[%emt 00:02:44]} Nf6 {[%clk 01:31:52]} 5. d4 {[%clk
01:32:30]} exd4 {[%clk 01:32:13]} 6. e5 {[%clk 01:32:52]} Ne4 {[%clk 01:31:51]}
7. Bd5 {[%clk 01:33:05]} f5 {[%clk 01:30:16]} 8. cxd4 {[%clk 01:31:58]} {[%emt
00:42:41]} Bb4+ {[%clk 01:30:23]} 9. Bd2 {[%clk 01:32:04]} Nxd2 {[%clk
01:30:21]} 10. Nbxd2 {[%clk 01:32:28]} Bxd2+ {[%clk 01:30:09]} 11. Qxd2 {[%clk
01:32:50]} {[%emt 00:17:10]} Ne7 {[%clk 01:30:29]} 12. Bb3 {[%clk 01:32:11]} d5
{[%clk 01:29:50]} 13. exd6 {[%clk 01:32:20]} cxd6 {[%clk 01:26:24]} 14. O-O
{[%clk 01:31:46]} {[%emt 00:00:13]} d5 {[%clk 01:25:43]} 15. Rfe1 {[%clk
01:29:08]} O-O {[%clk 01:24:12]} 16. Re3 {[%clk 01:24:21]} Re8 {[%clk
01:22:28]} {[%emt 00:00:08]} 17. Rae1 {[%clk 01:24:18]} Bd7 {[%clk 01:21:30]}
18. Qb4 {[%clk 01:19:55]} a5 {[%clk 00:59:21]} 19. Qd6 {[%clk 01:13:30]} {[%emt
00:09:30]} Ra6 {[%clk 00:57:03]} 20. Qg3 {[%clk 01:06:37]} {[%emt 00:02:19]}
Rg6 {[%clk 00:45:54]} {[%emt 00:12:04]} 21. Qe5 {[%clk 01:04:46]} {[%emt
00:01:57]} Re6 {[%clk 00:38:39]} {[%emt 00:07:55]} 22. Bxd5 {[%clk 01:03:49]}
{[%emt 00:01:17]} Nxd5 {[%clk 00:37:09]} {[%emt 00:02:04]} 23. Qxd5 {[%clk
01:04:08]} {[%emt 00:00:07]} Qc8 {[%clk 00:30:48]} {[%emt 00:06:50]} 24. Ng5
{[%clk 01:02:51]} {[%emt 00:01:48]} Kf8 {[%clk 00:16:00]} {[%emt 00:15:22]} 25.
Nxe6+ {[%clk 01:02:17]} {[%emt 00:01:03]} Bxe6 {[%clk 00:15:32]} {[%emt
00:00:59]} 26. Rxe6 {[%clk 01:01:35]} {[%emt 00:01:08]} Rxe6 {[%clk 00:15:50]}
{[%emt 00:00:12]} 27. Qxe6 {[%clk 01:01:55]} {[%emt 00:00:10]} h6 {[%clk
00:15:42]} {[%emt 00:00:41]} 28. Qxc8+ {[%clk 01:02:17]} {[%emt 00:00:08]} 1-0

[Event "DVM U12 2020"]
[Site "Magdeburg GER"]
[Date "2021.08.07"]
[Round "5"]
[White "Wunderlich, Elias"]
[Black "Nhan, Jinhon Raymon"]
[Result "1/2-1/2"]
[Termination "normal"]
[Board "4.1"]
[WhiteElo "1602"]
[BlackElo "1413"]
[WhiteClock "00:53:42"]
[BlackClock "00:46:00"]
[WhiteTeam "SC Garching 1980 e.V."]
[BlackTeam "Schachvereinigung 1920 Plettenberg e. V."]
[PlyCount "45"]
[WhiteFideId "34608087"]
[BlackFideId "16284690"]
[EventCountry "GER"]
[EventRounds "7"]
[EventType "team-swiss"]
[EventDate "2021.08.04"]

1. e4 {[%clk 01:30:57]} e6 {[%clk 01:30:54]} 2. d4 {[%clk 01:31:15]} {[%emt
00:00:27]} d5 {[%clk 01:31:17]} 3. e5 {[%clk 01:31:34]} c5 {[%clk 01:31:40]}
{[%emt 00:00:04]} 4. c3 {[%clk 01:32:00]} {[%emt 00:00:05]} Nc6 {[%clk
01:31:54]} {[%emt 00:00:50]} 5. Bb5 {[%clk 01:31:53]} Qb6 {[%clk 01:31:16]}
{[%emt 00:01:35]} 6. Bxc6+ {[%clk 01:31:55]} {[%emt 00:00:16]} bxc6 {[%clk
01:31:03]} {[%emt 00:00:27]} 7. Ne2 {[%clk 01:32:00]} {[%emt 00:00:25]} Nh6
{[%clk 01:30:36]} {[%emt 00:02:43]} 8. h3 {[%clk 01:31:07]} Nf5 {[%clk
01:30:02]} {[%emt 00:00:40]} 9. dxc5 {[%clk 01:30:20]} {[%emt 00:01:38]} Bxc5
{[%clk 01:28:43]} {[%emt 00:01:29]} 10. O-O {[%clk 01:30:22]} {[%emt 00:00:30]}
Ba6 {[%clk 01:28:24]} {[%emt 00:00:48]} 11. b4 {[%clk 01:30:05]} {[%emt
00:00:45]} Be7 {[%clk 01:26:27]} {[%emt 00:02:34]} 12. Kh1 {[%clk 01:29:51]}
{[%emt 00:00:37]} Qb5 {[%clk 01:24:24]} {[%emt 00:03:23]} 13. Re1 {[%clk
01:29:36]} Bh4 {[%clk 01:23:05]} {[%emt 00:02:18]} 14. g3 {[%clk 01:26:03]}
{[%emt 00:03:57]} Be7 {[%clk 01:19:17]} {[%emt 00:03:49]} 15. a4 {[%clk
01:25:00]} {[%emt 00:01:35]} Qb6 {[%clk 01:08:36]} {[%emt 00:11:10]} 16. Kg2
{[%clk 01:22:47]} {[%emt 00:02:52]} O-O {[%clk 01:04:17]} {[%emt 00:04:41]} 17.
Bb2 {[%clk 01:17:15]} {[%emt 00:06:01]} c5 {[%clk 00:59:45]} {[%emt 00:05:10]}
18. b5 {[%clk 01:16:40]} {[%emt 00:08:39]} Bb7 {[%clk 00:59:56]} 19. Na3 {[%clk
01:09:56]} Rfd8 {[%clk 00:57:38]} {[%emt 00:06:30]} 20. Kg1 {[%clk 01:06:36]}
Bg5 {[%clk 00:51:36]} {[%emt 00:06:34]} 21. Bc1 {[%clk 00:58:28]} {[%emt
00:12:16]} Bxc1 {[%clk 00:48:24]} 22. Rxc1 {[%clk 00:55:00]} {[%emt 00:06:00]}
a6 {[%clk 00:46:00]} {[%emt 00:00:53]} 23. Qb3 {[%clk 00:53:42]} {[%emt
00:01:48]} 1/2-1/2

[Event "DVM U12 2020"]
[Site "Magdeburg GER"]
[Date "2021.08.07"]
[Round "5"]
[White "Nhan, Jiehou"]
[Black "Sajka, Noah"]
[Result "1/2-1/2"]
[Termination "normal"]
[Board "4.2"]
[WhiteElo "1428"]
[BlackElo "1393"]
[WhiteClock "00:58:09"]
[BlackClock "00:30:01"]
[WhiteTeam "Schachvereinigung 1920 Plettenberg e. V."]
[BlackTeam "SC Garching 1980 e.V."]
[PlyCount "80"]
[WhiteFideId "34608214"]
[BlackFideId "34608192"]
[EventCountry "GER"]
[EventRounds "7"]
[EventType "team-swiss"]
[EventDate "2021.08.04"]

1. e4 {[%clk 01:30:44]} {[%emt 00:00:16]} c5 {[%clk 01:30:54]} {[%emt
00:00:07]} 2. c3 {[%clk 01:31:06]} {[%emt 00:00:33]} d5 {[%clk 01:31:07]}
{[%emt 00:00:04]} 3. exd5 {[%clk 01:31:21]} {[%emt 00:00:06]} Qxd5 {[%clk
01:31:23]} {[%emt 00:00:16]} 4. d4 {[%clk 01:31:26]} {[%emt 00:00:21]} Nc6
{[%clk 01:31:25]} {[%emt 00:00:26]} 5. Nf3 {[%clk 01:30:57]} {[%emt 00:02:15]}
Bg4 {[%clk 01:31:11]} 6. Be2 {[%clk 01:30:19]} {[%emt 00:04:10]} cxd4 {[%clk
01:30:44]} 7. cxd4 {[%clk 01:30:22]} e6 {[%clk 01:30:11]} 8. Nc3 {[%clk
01:29:44]} Qa5 {[%clk 01:29:57]} {[%emt 00:00:44]} 9. Be3 {[%clk 01:27:21]}
{[%emt 00:05:31]} Bd6 {[%clk 01:28:10]} 10. Qb3 {[%emt 00:01:30]} Qb4 {[%clk
01:27:13]} {[%emt 00:00:58]} 11. O-O {[%clk 01:25:49]} {[%emt 00:03:06]} Nf6
{[%clk 01:25:46]} 12. Nb5 {[%clk 01:24:37]} {[%emt 00:06:34]} Qxb3 {[%clk
01:21:55]} 13. Nxd6+ {[%clk 01:24:43]} {[%emt 00:00:08]} Kd7 {[%clk 01:22:03]}
{[%emt 00:00:07]} 14. axb3 {[%clk 01:25:06]} {[%emt 00:00:20]} Kxd6 {[%clk
01:22:21]} {[%emt 00:00:04]} 15. Rfe1 {[%clk 01:24:35]} {[%emt 00:03:44]} Bf5
{[%clk 01:17:58]} {[%emt 00:02:12]} 16. Bc4 {[%clk 01:22:18]} {[%emt 00:02:39]}
Nb4 {[%clk 01:14:02]} {[%emt 00:04:26]} 17. Ra4 {[%clk 01:19:42]} {[%emt
00:10:23]} Nd3 {[%clk 01:07:14]} 18. Bxd3 {[%clk 01:19:43]} {[%emt 00:00:32]}
Bxd3 {[%clk 01:06:43]} {[%emt 00:01:10]} 19. Bf4+ {[%clk 01:19:22]} {[%emt
00:00:44]} Ke7 {[%clk 01:05:19]} {[%emt 00:04:11]} 20. Rc1 {[%clk 01:18:02]}
Rhc8 {[%clk 01:04:27]} {[%emt 00:00:51]} 21. Rxc8 {[%clk 01:17:42]} {[%emt
00:01:02]} Rxc8 {[%clk 01:04:37]} {[%emt 00:01:08]} 22. h3 {[%clk 01:17:26]} a6
{[%clk 01:04:03]} {[%emt 00:04:38]} 23. Be3 {[%clk 01:15:33]} Rc7 {[%clk
01:02:07]} {[%emt 00:01:37]} 24. Bf4 {[%clk 01:15:30]} Rc8 {[%clk 01:02:27]}
{[%emt 00:00:05]} 25. Ra3 {[%clk 01:15:10]} {[%emt 00:02:34]} Nd5 {[%clk
01:01:15]} 26. Bd2 {[%clk 01:14:06]} {[%emt 00:03:43]} Bb5 {[%clk 00:59:35]}
27. b4 {[%clk 01:12:51]} {[%emt 00:01:47]} Rc4 {[%clk 00:56:42]} {[%emt
00:03:32]} 28. Ne5 {[%clk 01:11:29]} {[%emt 00:01:52]} Rxd4 {[%clk 00:55:51]}
{[%emt 00:01:14]} 29. Nf3 {[%clk 01:08:17]} {[%emt 00:03:52]} Rc4 {[%clk
00:55:21]} {[%emt 00:00:47]} 30. Bc3 {[%clk 01:05:27]} {[%emt 00:05:09]} f6
{[%clk 00:54:23]} 31. Nd2 {[%clk 01:02:05]} {[%emt 00:03:33]} Rc8 {[%clk
00:53:03]} {[%emt 00:01:48]} 32. Ne4 {[%clk 01:00:30]} {[%emt 00:02:09]} Bc6
{[%clk 00:44:23]} {[%emt 00:09:05]} 33. f3 {[%clk 00:59:39]} {[%emt 00:01:23]}
Ne3 {[%clk 00:42:59]} {[%emt 00:01:52]} 34. Bxf6+ {[%clk 00:59:13]} {[%emt
00:01:04]} gxf6 {[%clk 00:43:10]} {[%emt 00:00:12]} 35. Rxe3 {[%clk 00:59:42]}
{[%emt 00:00:35]} Bxe4 {[%clk 00:43:17]} 36. Rxe4 {[%clk 00:59:58]} {[%emt
00:00:07]} Rc2 {[%clk 00:43:22]} {[%emt 00:00:20]} 37. Rh4 {[%clk 00:59:59]}
{[%emt 00:04:38]} Rxb2 {[%clk 00:32:56]} {[%emt 00:10:33]} 38. Rxh7+ {[%clk
01:00:16]} Kd6 {[%clk 00:33:06]} 39. Rxb7 {[%clk 01:00:03]} Kc6 {[%clk
00:31:02]} {[%emt 00:00:05]} 40. Ra7 {[%clk 00:58:09]} {[%emt 00:02:29]} Kb6
{[%clk 00:30:01]} {[%emt 00:01:29]} 1/2-1/2